| 000 -LEADER |
| fixed length control field |
00696nam a22002297a 4500 |
| 001 - CONTROL NUMBER |
| control field |
306 |
| 003 - CONTROL NUMBER IDENTIFIER |
| control field |
BD-DhUAP |
| 005 - DATE AND TIME OF LATEST TRANSACTION |
| control field |
20220904195706.0 |
| 008 - FIXED-LENGTH DATA ELEMENTS--GENERAL INFORMATION |
| fixed length control field |
220904b19821989eng|| || |||| 001 0beng d |
| 020 ## - INTERNATIONAL STANDARD BOOK NUMBER |
| International Standard Book Number |
0070934673 |
| 040 ## - CATALOGING SOURCE |
| Original cataloging agency |
BD-ChCU |
| Language of cataloging |
ENG |
| Transcribing agency |
BD-DhUAP |
| Modifying agency |
BD-DhUAP |
| Description conventions |
BD-DhUAP |
| 082 ## - DEWEY DECIMAL CLASSIFICATION NUMBER |
| Edition number |
23 |
| Classification number |
658.45 DAV |
| 100 ## - MAIN ENTRY--PERSONAL NAME |
| Personal name |
Davis, Malcolm R |
| 245 ## - TITLE STATEMENT |
| Title |
The business of communicating |
| Statement of responsibility, etc. |
Malcolm R Davis. |
| 260 ## - PUBLICATION, DISTRIBUTION, ETC. |
| Place of publication, distribution, etc. |
New York, London : |
| Name of publisher, distributor, etc. |
McGraw -Hill, |
| Date of publication, distribution, etc. |
1989 . |
| 300 ## - PHYSICAL DESCRIPTION |
| Extent |
viii,362p |
| Dimensions |
24 c.m. |
| 504 ## - BIBLIOGRAPHY, ETC. NOTE |
| Bibliography, etc. note |
Includes Bibliography, etc |
| 650 ## - SUBJECT ADDED ENTRY--TOPICAL TERM |
| Topical term or geographic name entry element |
Business communication |
| 650 ## - SUBJECT ADDED ENTRY--TOPICAL TERM |
| Topical term or geographic name entry element |
Communication in management |
| 700 ## - ADDED ENTRY--PERSONAL NAME |
| Personal name |
Kerry E. Kries , John B. Nutting, Keith E. Tronic |
| 942 ## - ADDED ENTRY ELEMENTS (KOHA) |
| Source of classification or shelving scheme |
|
| Koha item type |
Book |